Las TIG ante los nuevos retos globales en un contexto cambiante : Actas de la XVIII CONFIBSIG 2023 Cáceres, 16-19 de mayo de 2023 /
Сохранить в:
| Соавтор: | |
|---|---|
| Другие авторы: | , , , |
| Формат: | Материалы конференции eКнига |
| Язык: | испанский |
| Опубликовано: |
Cáceres, España :
Universidad de Extremadura,
2023.
|
| Предметы: | |
| Online-ссылка: | https://elibro.unach.elogim.com/es/lc/unach/titulos/271167 |
| Метки: |
Добавить метку
Нет меток, Требуется 1-ая метка записи!
|
MARC
| LEADER | 00000nam a2200000 i 4500 | ||
|---|---|---|---|
| 001 | ELB271167 | ||
| 003 | FINmELB | ||
| 005 | 20241022160015.0 | ||
| 006 | m o d | | ||
| 007 | cr cnu|||||||| | ||
| 008 | 240929s2023 sp o 001 0 spa d | ||
| 020 | |a 9788491271857 |q (e-book) | ||
| 035 | |a (OCoLC)1463443523 | ||
| 040 | |a FINmELB |b spa |e rda |c FINmELB | ||
| 050 | 4 | |a L107 |b T566 2023 | |
| 080 | |a 37.013:005.745 | ||
| 082 | 0 | 4 | |a 370 |2 23 |
| 245 | 0 | 4 | |a Las TIG ante los nuevos retos globales en un contexto cambiante : |b Actas de la XVIII CONFIBSIG 2023 Cáceres, 16-19 de mayo de 2023 / |c Ana Nieto Masot, Gema Cárdenas Alonso, José Antonio Gutiérrez Gallego, Ángela Engelmo Moriche (editores). |
| 264 | 1 | |a Cáceres, España : |b Universidad de Extremadura, |c 2023. | |
| 300 | |a 1 recurso en línea (484 páginas) | ||
| 336 | |a texto |b txt |2 rdacontent/spa | ||
| 337 | |a computadora |b c |2 rdamedia/spa | ||
| 338 | |a recurso en línea |b cr |2 rdacarrier/spa | ||
| 500 | |a Incluye índice. | ||
| 588 | |a Descripción basada en metadatos suministrados por el editor y otras fuentes. | ||
| 590 | |a Recurso electrónico. Santa Fe, Arg.: elibro, 2024. Disponible vía World Wide Web. El acceso puede estar limitado para las bibliotecas afiliadas a elibro. | ||
| 650 | 4 | |a Educación |x Congresos, conferencias, etc. | |
| 650 | 4 | |a Educación |x Filosofía. | |
| 650 | 4 | |a Educación |x Metodología. | |
| 655 | 4 | |a Libros electrónicos. | |
| 700 | 1 | |a Nieto Masot, Ana, |e editora. | |
| 700 | 1 | |a Cárdenas Alonso, Gema, |e editora. | |
| 700 | 1 | |a Gutiérrez Gallego, José Antonio, |e editor. | |
| 700 | 1 | |a Engelmo Moriche, Ángela, |e editora. | |
| 711 | 2 | |a CONFIBSIG |n (XVIII : |d 16-19 de mayo de 2023 : |c Cáceres, España), |j actas. | |
| 797 | 2 | |a elibro, Corp. | |
| 856 | 4 | 0 | |u https://elibro.unach.elogim.com/es/lc/unach/titulos/271167 |